[Event "Rainbow Championships"]
[Site "Box Hill"]
[Date "2000.05.23"]
[Round "5.15"]
[White "Hickman, Casey"]
[Black "Van Dijk, Marieke"]
[Result "1/2-1/2"]
[WhiteElo "641"]
[BlackElo "944"]
[PlyCount "98"]
[EventDate "2000.??.??"]

1. e4 e5 2. d4 Nf6 3. Bg5 Be7 4. Bxf6 Bxf6 5. d5 O-O 6. Nc3 d6 7. Qf3 g6 8.
O-O-O a6 9. g3 Nd7 10. h4 Bg7 11. h5 Nf6 12. g4 Bh6+ 13. Kb1 Bxg4 14. Qd3 Bxd1
15. Qxd1 Kg7 16. Bh3 Nxh5 17. Bg4 Nf4 18. Qd2 Bg5 19. Nd1 c6 20. c4 Nxd5 21.
Qd3 Nf6 22. Bh3 Nd7 23. Qxd6 Nb6 24. Qxe5+ Bf6 25. Qf4 Qxd1+ 26. Qc1 Qxc1+ 27.
Kxc1 Nxc4 28. b3 Nd6 29. f3 b5 30. Ne2 c5 31. Rd1 c4 32. b4 a5 33. a3 axb4 34.
axb4 Ra4 35. Rd5 Rxb4 36. Nc3 Bxc3 37. e5 Nb7 38. Bd7 Rb2 39. Kd1 Rd8 40. Kc1
h5 41. Rd1 Bxe5 42. Rg1 Rxd7 43. f4 Re2 44. fxe5 Rxe5 45. Rf1 Re2 46. Kb1 Na5
47. Kc1 Nb3+ 48. Kb1 Rdd2 49. Rxf7+ Kxf7 1/2-1/2